Historia del mundo moderno el progreso material y los problemas mundiales, 1870-1898 /

Salvato in:
Dettagli Bibliografici
Autore principale: Hinsley, F.H (coord.)
Natura: Libro
Lingua:spagnolo
Pubblicazione: Barcelona, España : Sopena, 1980
Soggetti:
Tags: Aggiungi Tag
Nessun Tag, puoi essere il primo ad aggiungerne!!

MARC

LEADER 00000nam^a2200000^a^4500
001 000026279
005 20250521000000.0
009 20260310084725.309
020 |a 84-303-0821-0 
037 |a Acervo ITESO - Biblioteca 
041 |a ESP 
082 |a 940. 2  |b HIS V. 11 
100 |a Hinsley, F.H.  |e (coord.) 
240 1 1 |a [Historia del mundo moderno] 
245 1 0 |a Historia del mundo moderno  |b el progreso material y los problemas mundiales, 1870-1898 /  |c Coord. de F.H. Hinsley ; tr. por María Casamar Pérez. 
264 1 |a Barcelona, España :  |b Sopena,  |c 1980 
300 |a 515 p. 
336 |a texto  |b txt  |2 rdacontenido 
337 |a sin mediación  |b n  |2 rdamedio 
338 |a volumen  |b nc  |2 rdasoporte 
500 |a Traducción de: The New Cambridge Modern History: Material Progress and World-Wide Problems, 1870-1898 
649 |a XX 
650 |a Europa -  |x Historia -  |y 1871-1918 
650 |a Europa -  |x Historia -  |y 1789-1900 
650 |a Europa -  |x Historia -  |y Siglo XIX 
650 |a Historia Moderna -  |y Siglo XIX -  |x Tema Principal 
910 |a Fondo General 
920 |a Impresos - Libros 
930 |a Obras de Referencia 
905 |a 102 
901 |a 0262790100  |b IT2  |c REF  |i 026279  |u 20250521 
902 |a https://opac.biblio.iteso.mx/vufind/Record/000026279